00651 2200229 4500001002100000005001500021035002000036245004900056100003500105250001000140300002600150700003500176264003300211336002100244337003000265338001800295082001500313084002100328020001800349008004100367990001300408INLIS00000000000237620250811013016 a0010-08250001061 aJangan buang ibu, nak /cWahyu Derapriyangga0 aWahyu DerapriyanggaePengarang aCet.1 ax + 209 hal ;c19 cm.0 aManshur El-MubarakePenyunting aJakarta :bWahyuQolbu,c2014 2rdacontentaTeks 2rdamediaaTanpa Perantara 2rdacarriera- a899. 221 3 a899. 221 3 WAH j a979-795-825-6250811 0 ind  a25000582